| 000 | 00427nam a22001697a 4500 | ||
|---|---|---|---|
| 003 | MPLRDC | ||
| 005 | 20220104142616.0 | ||
| 008 | 210129b ||||| |||| 00| 0 eng d | ||
| 082 | _a805.17 WJY | ||
| 100 | _a王家英编著 | ||
| 245 |
_a高级活用英文作文 _c |
||
| 260 |
_a _b香港侨光书店 _c1964 |
||
| 300 | _b平 | ||
| 490 | _a中学语文科辅导读物 | ||
| 650 | _a英语作文 | ||
| 942 |
_cBK _o805.17 WJY |
||
| 999 |
_c32263 _d32253 |
||